000 00260nam a22001217a 4500
008 170426b xxu||||| |||| 00| 0 eng d
041 _aeng
080 _a577
100 _a12
101 _aSHM
245 _aBIOKIMIA MJEKSORE
_c577 QERIM.H
942 _2udc
_cBK
999 _c12098
_d12098